Halloween for GPS! is your GPS ready for rollover and millennium mayhem? (Record no. 60680)

MARC details
000 -LEADER
fixed length control field 00732cam a2200181 4500
001 - CONTROL NUMBER
control field ABS60994
008 - FIXED-LENGTH DATA ELEMENTS--GENERAL INFORMATION
fixed length control field 000000n1999 000 0 eng u
035 ## - SYSTEM CONTROL NUMBER
System control number (Sirsi) u101548
100 ## - MAIN ENTRY--PERSONAL NAME
Personal name Eastaugh, P.
245 ## - TITLE STATEMENT
Title Halloween for GPS! is your GPS ready for rollover and millennium mayhem?
260 ## - PUBLICATION, DISTRIBUTION, ETC.
Date of publication, distribution, etc. 1999
490 ## - SERIES STATEMENT
Series statement Surveying World
Volume/sequential designation 7(4) May/June 1999, 18-19(2)
520 ## - SUMMARY, ETC.
Summary, etc. Discusses the impending threat to GPS receivers of week-rollover - on 21 August 1999 the world's GPS receivers revert to week zero. Looks at how one survey company, Racal, is addressing the problem.
650 ## - SUBJECT ADDED ENTRY--TOPICAL TERM
Topical term or geographic name entry element NAVIGATION
650 ## - SUBJECT ADDED ENTRY--TOPICAL TERM
Topical term or geographic name entry element MANAGEMENT-BUSINESS MANAGEMENT-INFORMATION MANAGEMENT
690 ## - LOCAL SUBJECT ADDED ENTRY--TOPICAL TERM (OCLC, RLIN)
Topical term or geographic name as entry element MAPPING AND MEASUREMENT
942 ## - ADDED ENTRY ELEMENTS (KOHA)
Suppress in OPAC 0
Holdings
Withdrawn status Lost status Source of classification or shelving scheme Damaged status Not for loan Home library Current library Shelving location Date acquired Total Checkouts Full call number Barcode Date last seen Copy number Price effective from Koha item type
    Dewey Decimal Classification     London London Journal article 05/11/1999   ABS60994 101548-1001 06/08/2019 1 06/08/2019 Journal article